Procesní řízení v praxi podniků a vysokých škol /

Hlavní autor: Tuček, David, 1975-
Další autoři: Hrabal, Martin, Trčka, Lukáš, 1983-
Jazyk: Čeština
Vydáno: Praha : Wolters Kluwer, 2014
Vydání: Vydání první
Témata:
Fyzický popis: 270 stran : ilustrace (převážně barevné) ; 24 cm
Language note: České a anglické resumé
Knihy
Uloženo v:
LEADER 01664nam a2200445 i 4500
001 nkc20142647911
003 CZ PrNK
005 20190308082648.0
007 ta
008 141128s2014 xr a f 001 0 cze
015 |a cnb002647911 
020 |a 978-80-7478-674-7  |q (brožováno) 
035 |a (OCoLC)1005716152 
040 |a ABA001  |b cze  |d OLA001  |e rda 
041 0 |a cze  |b cze  |b eng 
072 7 |a 005  |x Management. Řízení  |2 Konspekt  |9 4 
080 |a 005.5  |2 MRF 
080 |a (048.8:082)  |2 MRF 
100 1 |a Tuček, David,  |d 1975-  |7 mzk2006323040  |4 aut 
245 1 0 |a Procesní řízení v praxi podniků a vysokých škol /  |c David Tuček, Martin Hrabal, Lukáš Trčka 
246 3 0 |a Procesní řízení 
250 |a Vydání první 
264 1 |a Praha :  |b Wolters Kluwer,  |c 2014 
300 |a 270 stran :  |b ilustrace (převážně barevné) ;  |c 24 cm 
336 |a text  |b txt  |2 rdacontent 
337 |a bez média  |b n  |2 rdamedia 
338 |a svazek  |b nc  |2 rdacarrier 
504 |a Obsahuje bibliografii a rejstřík 
546 |a České a anglické resumé 
650 0 7 |a procesní management  |7 ph166531  |2 czenas 
650 0 9 |a process management  |2 eczenas 
655 7 |a kolektivní monografie  |7 fd501537  |2 czenas 
655 9 |a collective monographs  |2 eczenas 
700 1 |a Hrabal, Martin  |7 utb2015861364  |4 aut 
700 1 |a Trčka, Lukáš,  |d 1983-  |7 ola2014815965  |4 aut 
910 2 |a BOA001  |b 2-1422.602 
990 |a BK 
995 |a 01 
996 6 |b 2610773634  |c 2-1422.602  |l MZK  |r Sklad / do 1 hodiny  |n 13  |p p.v.  |w 001711902  |u 000010  |a 1  |e BOA001  |j MZK50  |s P 
996 7 |b 2610773635  |c 2-1422.602  |l Vol.výběr  |r VV 0p  |n 18  |p kup  |h 005 TUČ  |w 001711902  |u 000020  |a 0  |e BOA001  |j MZK50  |s A